Normal view
MARC view
- Rodenas, Antonia
Entry Nombre Personal
001 - NUMERO DE CONTROL
- campo de control: 39652
003 - IDENTIFICADOR DE NUMERO DE CONTROL
- campo de control: UPN
005 - FECHA Y HORA DE LA ÜLTIMA TRANSACCIÓN
- campo de control: 20210219194548.0
008 - DATOS DE LONGITUD FIJA
- campo de control de longitud fija: nabaccnnaabn|||||||||| b |nc|||||d
035 ## - NUMERO DE CONTROL
- Número de control: UPN11000011759
040 ## - FUENTE DE CATALOGACIÓN
- Lenguaje de catalogación: SPA
- Agencia de transcripción: UPN
100 1# - ENCABEZAMIENTO - NOMBRE PERSONAL
- Nombre personal: Rodenas, Antonia
670 ## - FUENTE EN LA QUE SE LOCALIZARON DATOS
- Cita de la fuente: T
- Uniform Resource Identifier: http://www.20minutos.es/noticia/30634/0/cuentos/antonia/rodenas/
680 ## - NOTA PUBLICA DE ACCESO PÚBLICO
- Frase explicativa de la referencia: Escritora alicantina, poetisa (autora de Rimas de luna) y narradora, hace tiempo que se embarcó en la creación de un particular universo literario dedicado a los más pequeños de la casa.
902 ## - CATALOGADOR
- Catalogador: EMR/240117
